| 000 | 00765nam a2200217 u 4500 | ||
|---|---|---|---|
| 005 | 20221112063533.0 | ||
| 008 | 090703s2006 r 000 0 eng d | ||
| 020 | _a9562404943 | ||
| 035 | _aUPN01000171617 | ||
| 049 | _aCG | ||
| 050 | 4 |
_aLB3013.3 _bM4.8 |
|
| 100 | 1 | _aMerino Fernández, José V. | |
| 245 | 1 | 3 |
_aLa violencia escolar : _banálisis y propuestas de intervención socioeducativas / _cJosé V. Merino Fernández. |
| 260 |
_aSantiago de Chile : _bArrayán, _c2006. |
||
| 300 | _a175 p. | ||
| 440 | 0 |
_aPerfeccionamiento docente. _pTeoría para la práctica |
|
| 650 | 7 |
_aViolencia escolar _xPrevención _2 _912851 |
|
| 650 | 4 |
_aVIOLENCIA ESCOLAR - _xASPECTOS SOCIALES _96859 |
|
| 650 | 4 |
_aRELACIONES INTERPERSONALES EN NIÑOS _910513 |
|
| 905 | _aLibro | ||
| 999 |
_c143722 _d143722 |
||